000 00707nam a2200217 a 4500
999 _c2648
_d2648
001 2648
003 BD-JhCC
005 20171105185616.0
008 171105s1982 xxu |||| ||a| 000 0 ben d
035 _a(BD-JhCC) 2648
040 _aBD-JhCC
_dBD-JhCC
041 _aben
082 _a891.443
_bCTT 1982
100 _aচট্টোপাধ্যায়, প্রীরু
245 _aশেকসপীয়র মার্ডার মিস্ট্র /
_c প্রীরু চট্টোপাধ্যায়
260 _aকলকাতা :
_bনাথ পাবলিশিং ,
_c1982
300 _a176 .;
_c22 cm .
650 _aBengali Novel
942 _2ddc
_cBK